The One Year Devotional: (Record no. 3979)

MARC details
000 -LEADER
fixed length control field 00546nam a22001937a 4500
003 - CONTROL NUMBER IDENTIFIER
control field GBCCL
005 - DATE AND TIME OF LATEST TRANSACTION
control field 20241126110508.0
008 - FIXED-LENGTH DATA ELEMENTS--GENERAL INFORMATION
fixed length control field 171219b xxu||||| |||| 00| 0 eng d
020 ## - INTERNATIONAL STANDARD BOOK NUMBER
International Standard Book Number 0830721940
040 ## - CATALOGING SOURCE
Transcribing agency gbc
082 ## - DEWEY DECIMAL CLASSIFICATION NUMBER
Classification number 242.2
Item number STO
100 ## - MAIN ENTRY--PERSONAL NAME
Personal name Stockstill, Larry
9 (RLIN) 7740
245 ## - TITLE STATEMENT
Title The One Year Devotional:
Remainder of title Walking Daily Through the Bible /
Statement of responsibility, etc. Larry Stockstill
260 ## - PUBLICATION, DISTRIBUTION, ETC.
Name of publisher, distributor, etc. Regal Books,
Place of publication, distribution, etc. California:
Date of publication, distribution, etc. 1998
300 ## - PHYSICAL DESCRIPTION
Extent 371 p.;
650 ## - SUBJECT ADDED ENTRY--TOPICAL TERM
Topical term or geographic name entry element Bibble
Form subdivision Devotional use
9 (RLIN) 8909
650 ## - SUBJECT ADDED ENTRY--TOPICAL TERM
Topical term or geographic name entry element Devotional calenders
9 (RLIN) 7530
942 ## - ADDED ENTRY ELEMENTS (KOHA)
Source of classification or shelving scheme Dewey Decimal Classification
Koha item type Books
Holdings
Withdrawn status Lost status Source of classification or shelving scheme Damaged status Not for loan Home library Current Library Shelving location Date acquired Total checkouts Full call number Barcode Date last seen Copy number Price effective from Koha item type
    Dewey Decimal Classification     GRACE BIBLE COLLEGE GRACE BIBLE COLLEGE Ministry & Mission 2017-12-19   242.2 STO 003107 2025-05-01 c.1 2017-12-19 Books
    Dewey Decimal Classification     GRACE BIBLE COLLEGE GRACE BIBLE COLLEGE Ministry & Mission 2017-12-19   242.2 STO 003108 2025-05-01 c.2 2017-12-19 Books
© Grace Bible College Library 2025